000 01243cam a2200313 i 4500
001 16194
003 DO-SdUEMH
005 20260129153430.0
007 ta
008 211105s2001 dr a|||gr|||| 000 0 spa|d
020 _a9993430307
040 _aDO-SdUEMH
_bspa
_erda
041 _aspa
082 1 4 _mRD
_aRD330.97293 N964
_bN964l
084 _b08-00424
110 _aRepública Dominicana : Banco Central
245 1 0 _aNueva literatura económica dominicana :
_bpremios del Concurso "Biblioteca Juan Pablo Duarte" 2000 /
_cprólogo José Luis Alemán
260 _c2001
264 0 1 _aSanto Domingo :
_bBanco Central de la República Dominicana,
_c2001
300 _a99 páginas :
_bIlustraciones ;
_c23 cm.
336 _2rdacontent
_atexto
_btxt
337 _2rdamedia
_asin mediación
_bn
338 _2rdacarrier
_avolumen
_bnc
490 _aColección del Banco Central de la República Dominicana ;
_v41
490 _aNueva literatura económica;
_v4
505 1 _aSistema práctico de supervisión financiera -- Demanda de salud en la República Dominicana: una estimación econométrica -- Una nota sobre las crisis económicas y los programas de estabilización en la República Dominicana.
942 _2ddc
_cBK
_n0
999 _c16194
_d16194